Reglas para la aplicación de las penas

Saved in:
Bibliografiske detaljer
Hovedforfatter: Pica Urrutia, René (Author)
Format: Bog
Sprog:spansk
Udgivet: Santiago Jurídica de Chile 1992
Udgivelse:4a. ed
Fag:
Tags: Tilføj Tag
Ingen Tags, Vær først til at tagge denne postø!

MARC

LEADER 00000nam a2200000 a 4500
001 UCV2423
003 CL-VaPUC
008 920706e19920000CL |||||||||||||||||spa|d
082 0 4 |a 364.1  |b PIC  |2 21 
100 0 |a Pica Urrutia, René  |e author  |9 296666 
245 1 0 |a Reglas para la aplicación de las penas 
250 |a 4a. ed 
300 |a 261 p 
942 |c BK 
945 |d 19920706 00:00:00 
260 |a Santiago  |b Jurídica de Chile  |c 1992 
650 0 |a Penas   |9 255927 
650 7 |a DERECHO PENAL  |2 CL-VaPUC  |9 11 
651 7 |a CHILE  |2 CL-VaPUC  |9 296667 
583 |a last modification  |c 19920706 00:00:00  |k Rodrigo Vera 
999 |c 210000  |d 209998 
952 |0 0  |1 0  |4 0  |6 364_100000000000000_PIC_1992  |7 0  |8 A  |9 185921  |a BIBDER  |b BIBDER  |d 2019-11-14  |i 2534037  |l 1  |o 364.1 PIC 1992  |p 2534037  |r 2025-04-02  |s 2025-03-27  |w 2019-11-14  |y BK  |k DER 
952 |0 0  |1 0  |4 0  |6 364_100000000000000_PIC_1992  |7 0  |8 A  |9 185922  |a BIBDER  |b BIBDER  |d 2019-11-14  |i 3450090  |o 364.1 PIC 1992  |p 3450090  |r 2023-01-25  |w 2019-11-14  |y BK  |k DER